Countries that use Euro - Statistics

General Stats
  • This quiz has been taken 40 times
  • The average score is 15 of 20
Answer Stats
Country % Correct
Belgium
94%
France
94%
Germany
87%
Portugal
81%
Austria
77%
Ireland
77%
Netherlands
77%
Spain
77%
Italy
74%
Slovenia
74%
Estonia
71%
Finland
71%
Greece
71%
Latvia
71%
Luxembourg
71%
Croatia
68%
Lithuania
68%
Slovakia
65%
Malta
48%
Cyprus
39%
No matching quizzes found
Score Distribution
Percent of People with Each Score
Percentile by Number Answered
Your Score History
You have not taken this quiz